Normal view
MARC view
- Malik, Muhammad Yasir Hayat
Entry Personal Name
001 - CONTROL NUMBER
- control field: 16777
003 - CONTROL NUMBER IDENTIFIER
- control field: NUST
005 - DATE AND TIME OF LATEST TRANSACTION
- control field: 20190705052255.0
008 - FIXED-LENGTH DATA ELEMENTS
- fixed length control field: 190705|| aca||aabn | a|a d
040 ## - CATALOGING SOURCE
- Original cataloging agency: NUST
- Transcribing agency: NUST
100 ## - HEADING--PERSONAL NAME
- Personal name: Malik, Muhammad Yasir Hayat
670 ## - SOURCE DATA FOUND
- Source citation: Work cat.: (NUST): Malik, Muhammad Yasir Hayat , On Super Edge- Magic Total Labeling of Graphs /, 2012.
